[Event "Aragon-ch Seniors 65+"]
[Site "Zaragoza"]
[Date "2018.04.28"]
[Round "2"]
[White "Perez Sirera, Jose Maria"]
[Black "Moreno Antonio, Mario"]
[Result "1/2-1/2"]
[WhiteElo "1406"]
[BlackElo "1652"]
[PlyCount "62"]
[EventDate "2018.04.21"]
[EventType "swiss"]
[EventRounds "8"]
[EventCountry "ESP"]
[SourceTitle "EXT 2020"]
[Source "ChessBase"]
[SourceDate "2019.10.17"]
[SourceVersion "1"]
[SourceVersionDate "2019.10.17"]
[SourceQuality "1"]

1. d4 d5 2. Nf3 Nf6 3. e3 e6 4. Bd3 Bb4+ 5. c3 Bd6 6. Nbd2 0-0 7. 0-0 b6 8. b3 Bb7 9. a4 Nbd7 10. Ba3 Qe7 11. Bxd6 Qxd6 12. Re1 e5 13. e4 Rfe8 14. Qc2 c5 15. dxe5 Nxe5 16. Nxe5 Qxe5 17. Nf3 Qf4 18. e5 Ne4 19. Qc1 Qxc1 20. Raxc1 Re6 21. c4 f5 22. exf6 Rxf6 23. cxd5 Nd6 24. Bc4 Raf8 25. Rc2 Rf4 26. Re7 R8f7 27. Rxf7 Rxf7 28. Ne5 Rf5 29. Re2 g6 30. f3 Kg7 31. Kf2 a6 1/2-1/2